The Art of English writing : | functional writing- part 1 / (Record no. 18131)
[ view plain ]
| 000 -LEADER | |
|---|---|
| fixed length control field | 00451nam a2200169 4500 |
| 003 - CONTROL NUMBER IDENTIFIER | |
| control field | OSt |
| 008 - FIXED-LENGTH DATA ELEMENTS--GENERAL INFORMATION | |
| fixed length control field | 241005b |||||||| |||| 00| 0 eng d |
| 020 ## - INTERNATIONAL STANDARD BOOK NUMBER | |
| ISBN | 9789393468512 |
| 041 ## - LANGUAGE CODE | |
| Language code of text/sound track or separate title | eng |
| 082 ## - DEWEY DECIMAL CLASSIFICATION NUMBER | |
| Classification number | 420 |
| Item number | MUK/AR |
| 100 ## - MAIN ENTRY--AUTHOR NAME | |
| Personal name | Mukkolakkal, Bitter C |
| 245 ## - TITLE STATEMENT | |
| Title | The Art of English writing : |
| Remainder of title | functional writing- part 1 / |
| 250 ## - EDITION STATEMENT | |
| Edition statement | 1st ed. |
| 260 ## - PUBLICATION, DISTRIBUTION, ETC. (IMPRINT) | |
| Place of publication | Thiruvananthapuram : |
| Name of publisher | Chintha Publishers, |
| Year of publication | 2024. |
| 300 ## - PHYSICAL DESCRIPTION | |
| Number of Pages | 280p. |
| 942 ## - ADDED ENTRY ELEMENTS (KOHA) | |
| Koha item type | Books |
| Withdrawn status | Lost status | Damaged status | Home library | Current library | Date acquired | Source of acquisition | Cost, normal purchase price | Full call number | Accession Number | Koha item type |
|---|---|---|---|---|---|---|---|---|---|---|
| KAUAET | KAUAET | 05/10/2024 | Donated by KT Jaleel MLA | 370.00 | 420 MUK/AR | 26278 | Books | |||
| KAUAET | KAUAET | 30/08/2025 | Donated by KT Jaleel MLA | 370.00 | 420 MUK/AR | 26292 | Books |
